01115cam a2200337 a 45000010008000000030006000080050017000140080041000310200015000720200018000870240017001050400056001220500021001780600023001990820012002220820012002340820012002460820012002582450113002702460034003832500044004172600037004613000047004985000045005455000020005905000087006106500023006976500014007207000019007347000024007537008140CaAEU20220324103133.0040503s2004 nyua 001 0 eng d a0743477340 a97807434773451 a076714007994 aABGcABGdOCLCQdBAKERdBTCTAdAU@dOCLCQdUAUdAEU14aRC81b.M535 2004 4aWB 130b.M553 20041 a6102221 a6102221 a6162221 a61622204aThe Merck manual of medical information /cMark H. Beers, editor-in-chief ; Andrew J. Fletcher ... [et al.].30aManual of medical information a2nd home ed., 1st Pocket Books pbk. ed. aNew York :bPocket Books,c2004. alvi, 1767 p. :bill. (some col.) ;c18 cm. a"All new and completely revised"--Cover. aIncludes index. aOriginally published: Whitehouse Station, NJ : Merck Research Laboratories, c2003. 0aMedicine, Popular.12aMedicine.1 aBeers, Mark H.1 aFletcher, Andrew J.